| 000 | 01073cam a2200397 4500500 | ||
|---|---|---|---|
| 005 | 20260329005021.0 | ||
| 041 | _afre | ||
| 042 | _adc | ||
| 100 | 1 | 0 |
_aLacroix, Alexandre _eauthor |
| 700 | 1 | 0 |
_aRobert, Joséphine _eauthor |
| 245 | 0 | 0 | _aLes héritiers de Gramsci |
| 260 | _c2022. | ||
| 500 | _a61 | ||
| 690 | _aBenoît Hamon | ||
| 690 | _aChantal Mouffe | ||
| 690 | _aDroite | ||
| 690 | _aÉric Zemmour | ||
| 690 | _aFascisme | ||
| 690 | _aGauche | ||
| 690 | _aGayatri Spivak | ||
| 690 | _aGender studies | ||
| 690 | _aGramsci | ||
| 690 | _aHégémonie | ||
| 690 | _aidées | ||
| 690 | _aJean-Luc Mélenchon | ||
| 690 | _aMarion Maréchal | ||
| 690 | _aMarxisme | ||
| 690 | _aNicolas Sarkozy | ||
| 690 | _aNoam Chomsky | ||
| 690 | _aPier Paolo Pasolini | ||
| 690 | _aPierre Bourdieu | ||
| 690 | _aPouvoir | ||
| 690 | _aToni Negri | ||
| 786 | 0 | _nPhilosophie magazine | 157 | 3 | 2022-03-01 | p. 28-28 | 1951-1787 | |
| 856 | 4 | 1 | _uhttps://shs.cairn.info/magazine-philosophie-magazine-2022-3-page-28?lang=fr&redirect-ssocas=7080 |
| 999 |
_c1839483 _d1839483 |
||